Diseño de la instalación sanitaria e hidráulica del edificio del Centro Nacional de Control del Dolor y Cuidados Paliativos de la CCSS
Збережено в:
| Автор: | |
|---|---|
| Інші автори: | , , |
| Формат: | Книга |
| Опубліковано: |
[San José, Costa Rica]
2010
|
| Предмети: | |
| Теги: |
Додати тег
Немає тегів, Будьте першим, хто поставить тег для цього запису!
|
MARC
| LEADER | 00000nam a2200000Ia 4500 | ||
|---|---|---|---|
| 003 | 010035 | ||
| 005 | 20230929084317.0 | ||
| 008 | 140114s2010 cr a 000 ||s d | ||
| 040 | |c cru CEDI | ||
| 100 | |a Gutiérrez Salas, Mauricio, 1982- |9 1666 | ||
| 245 | |a Diseño de la instalación sanitaria e hidráulica del edificio del Centro Nacional de Control del Dolor y Cuidados Paliativos de la CCSS | ||
| 260 | |c 2010 |b [San José, Costa Rica] | ||
| 500 | |a Proyecto de graduación (licenciatura en ingeniería mecánica)--Universidad de Costa Rica. Facultad de Ingeniería. Escuela de Ingeniería Mecánica | ||
| 501 | |a Director del Proyecto de Graduación: Ing. Andrés Caldera Schaubeck | ||
| 610 | 0 | |9 1665 |a CENTRO NACIONAL CONTRA EL DOLOR Y CUIDADOS PALIATIVOS (COSTA RICA) | |
| 650 | |x INSTALACIONES DE TUBERIAS - DISEÑO Y CONSTRUCCION |x INSTALACIONES SANITARIAS - DISEÑO Y CONSTRUCCION |x DISPOSICION DE AGUAS RESIDUALES |x SISTEMAS DE TUBERIAS DE AGUA - DISEÑO |x SUMINISTRO DE AGUA CALIENTE |x ESTRUCTURAS HIDRAULICAS |9 2946 | ||
| 700 | |9 1664 |a Ortiz García, Juan Pablo, 1982- | ||
| 700 | |9 1663 |a Solís Madrigal, Tomás, 1984- | ||
| 700 | |9 667 |a Caldera Schaubeck, Andrés, 1961- |d Director del TFG | ||
| 942 | |c CEDI |h TFG 6206 |6 TFG_6206_000000000000000 | ||
| 999 | |c 15997 |d 15997 | ||
